| 000 | 01144nam a2200217 i 4500 | ||
|---|---|---|---|
| 001 | 104584 | ||
| 003 | ES-MaACL | ||
| 005 | 20230906183636.0 | ||
| 007 | t| | ||
| 008 | 051202m19751979sp ||||1| spa d | ||
| 110 | 2 |
_aEspaña. _bMinisterio de Hacienda. _93874 |
|
| 245 | 1 | 0 |
_aCuentas del Estado español _b: 1850 a 1924 / _cMinisterio de Hacienda. |
| 260 |
_aMadrid : _bInstituto de Estudios Fiscales, _c1975-79. |
||
| 300 |
_a3 v. ; _c30 cm. |
||
| 505 | 8 | _aContiene: V. I.-- Estadística de los Presupuestos generales del Estado y de los resultados que ha ofrecido su liquidación. Años 1850 a 1890-91. [Por Angel González de la Peña]. V. II.-- Estadística de los Presupuestos generales del Estado... Años 1890-91 a 1907. [Por José María de Retes]. V. III.-- Estadísticas de las cuentas generales del Estado. Años 1908 a 1923/1924. [Dirigido por Augusto Gutiérrez Robles] | |
| 700 | 1 |
_aGonzález de la Peña, Angel. _958551 |
|
| 700 | 1 |
_aRetes, José María de. _996356 |
|
| 700 | 1 |
_aGutiérrez Robles, Augusto. _961216 |
|
| 710 | 2 |
_aInstituto de Estudios Fiscales (España) _9169207 |
|
| 852 |
_aES-MaACL _jL-858-60 _bR.101834 |
||
| 999 |
_c104584 _d104584 |
||